000
00337nam a2200145Ia 4500
100
_a
Machinery yellow back series
942
_c
BK
654
_a
Inspection
245
_a
Taper Calculation & Inspection No.25
260
_b
Machinery Publication & co
_c
2001
082
_a
621.9
_b
MAC
300
_a
72
546
_a
ENGLISH
999
_c
18880
_d
18880